000 00710nam a2200229Ia 4500
008 191130s2004##################000#0#eng##
020 _a9780071432436
022 _a2003018013
040 _aACL
_cACL
082 _a796.357092 REI
100 _aReisler, Jim
245 _aBabe Ruth : launching the legend
_cJim Reisler
260 _aNew York
_bMcGraw-Hill
_cc2004
300 _axvi, 288 p. : ill. ; 24 cm
500 _aIncludes bibliographical references (p. 271-274) and index
650 _aBaseball - United States - History
650 _aNew York Yankees (Baseball team)
650 _aRuth, Babe, 1895-1948
990 _a6e7b413fac10000c2ce4fb91460fc354
991 _a311832
999 _c376611
_d376611